El juego musical como factor potenciador de la atención y la memoria para mejorar el aprendizaje musical infantil : (Record no. 193414)

MARC details
000 -LEADER
campo de control de longitud fija 01178nam a2200265 i 4500
001 - NÚMERO DE CONTROL
campo de control 193414
003 - IDENTIFICADOR DE NÚMERO DE CONTROL
campo de control ES-MaACL
005 - FECHA Y HORA DE LA ÚLTIMA TRANSACCIÓN
campo de control 20250829062536.0
007 - CAMPO FIJO DE DESCRIPCIÓN FÍSICA--INFORMACIÓN GENERAL
campo de control de longitud fija t|
008 - DATOS DE LONGITUD FIJA--INFORMACIÓN GENERAL
campo de control de longitud fija 231122s2009 sp r ||||1| spa d
040 ## - FUENTE DE CATALOGACIÓN
Centro/agencia transcriptor ES-MaACL
100 1# - ENTRADA PRINCIPAL--NOMBRE DE PERSONA
Nombre de persona Cabrelles Sagredo, María de la Soledad
9 (RLIN) 234589
245 13 - MENCIÓN DEL TÍTULO
Título El juego musical como factor potenciador de la atención y la memoria para mejorar el aprendizaje musical infantil :
Resto del título resumen de tesis doctoral /
Mención de responsabilidad, etc. Soledad Cabrelles Sagredo.
260 ## - PUBLICACIÓN, DISTRIBUCIÓN, ETC.
Lugar de publicación, distribución, etc. [Madrid] :
Nombre del editor, distribuidor, etc. Universidad Nacional de Educación a Distancia,
Fecha de publicación, distribución, etc. 2009.
300 ## - DESCRIPCIÓN FÍSICA
Extensión [12] p. ;
Dimensiones 30 cm.
502 ## - NOTA DE TESIS
Nota de tesis Tesis-Universidad Nacional de Educación a Distancia, Facultad de Educación, 2009
650 #4 - PUNTO DE ACCESO ADICIONAL DE MATERIA--TÉRMINO DE MATERIA
Término de materia o nombre geográfico como elemento de entrada Música-
Subdivisión general Estudio y enseñanza
9 (RLIN) 15383
655 #7 - TERMINO DE INDIZACIÓN--GENERO/FORMA
9 (RLIN) 226867
Datos o término principal de género/forma Tesis y escritos académicos
710 2# - ENTRADA AGREGADA--NOMBRE DE ENTIDAD CORPORATIVA
Nombre de entidad corporativa o nombre de jurisdicción como elemento de entrada Universidad Nacional de Educación a Distancia (España)
9 (RLIN) 7405
852 ## - LOCALIZACIÓN
Ubicación ES-MaACL
Número de control de estantería 2344-F-12
itemnumber 200870
Ubicación en estantería Depósito folletos
Donativo/Legado Donación: Soledad Cabrelles Sagredo
903 ## - NOMBRE PERSONAL DE DONANTE
9 234589
a Cabrelles Sagredo, María de la Soledad
e Donante
942 ## - ELEMENTOS DE ENTRADA SECUNDARIOS (KOHA)
Tipo de ítem Koha Folleto
Holdings
Estatus retirado Estado de pérdida Fuente del sistema de clasificación o colocación Estado de daño No para préstamo Colección Biblioteca de origen Biblioteca actual Ubicación en estantería Fecha de adquisición Fuente de adquisición Total de préstamos Signatura topográfica completa Código de barras Visto por última vez Precio de reemplazo Tipo de ítem Koha
    Clasificación decimal universal     Colección de folletos Biblioteca del Ateneo de Madrid Biblioteca del Ateneo de Madrid Depósito folletos 22/11/2023 Donación   2344-F-17 101206158 22/11/2023 22/11/2023 Folleto